Największe niemieckie miasta według litery - N - Statystyki

Ogólne statystyki
  • Ten quiz został rozwiązany 27 razy
  • Średni wynik to 3 z 15
Statystyki odpowiedzi
Powiat Ludność Miasto % Poprawnych
Bawaria 515.543 Nürnberg
100%
Dolna Saksonia 44.586 Neustadt am Rübenberge
44%
Nadrenia-Palatynat 53.306 Neustadt an der Weinstraße
44%
NRW 153.109 Neuss
33%
Meklemburgia-Pomorze Przednie 63.372 Neubrandenburg
22%
Szlezwik-Holsztyn 79.905 Neumünster
22%
Szlezwik-Holsztyn 79.155 Norderstedt
22%
Turyngia 40.969 Nordhausen
22%
Bawaria 58.841 Neu-Ulm
11%
Dolna Saksonia 53.839 Nordhorn
11%
NRW 42.438 Nettetal
0%
Bawaria 40.243 Neumarkt in der Oberpfalz
0%
Sara 46.037 Neunkirchen
0%
Nadrenia-Palatynat 64.860 Neuwied
0%
Badenia-Wirtembergia 41.154 Nürtingen
0%
Nie znaleziono quizów pasujących do podanych kryteriów
Rozkład punktacji
Procent ludzi z każdym wynikiem
Percentyl według liczby udzielonych odpowiedzi
Twoja historia wyników
Nie rozwiązałeś tego quizu